000 00265nam a22001217a 4500
008 170612b xxu||||| |||| 00| 0 eng d
041 _aeng
080 _a327
100 _a19
101 _aSHP
245 _aART JERVIS I9NTERNATIONAL
_cART.R.J
942 _2udc
_cBK
999 _c16950
_d16950